<?xml version="1.0" encoding="UTF-8"?><?xml-stylesheet type="text/xsl" href="static/style.xsl"?><OAI-PMH xmlns="http://www.openarchives.org/OAI/2.0/" xmlns:xsi="http://www.w3.org/2001/XMLSchema-instance" xsi:schemaLocation="http://www.openarchives.org/OAI/2.0/ http://www.openarchives.org/OAI/2.0/OAI-PMH.xsd"><responseDate>2026-06-03T01:51:04Z</responseDate><request verb="GetRecord" identifier="oai:riubu.ubu.es:10259/11770" metadataPrefix="marc">https://riubu.ubu.es/oai/request</request><GetRecord><record><header><identifier>oai:riubu.ubu.es:10259/11770</identifier><datestamp>2026-06-02T00:05:42Z</datestamp><setSpec>com_10259_3725</setSpec><setSpec>com_10259_5086</setSpec><setSpec>com_10259_2604</setSpec><setSpec>col_10259_3726</setSpec></header><metadata><record xmlns="http://www.loc.gov/MARC21/slim" xmlns:doc="http://www.lyncode.com/xoai" xmlns:xsi="http://www.w3.org/2001/XMLSchema-instance" xmlns:dcterms="http://purl.org/dc/terms/" xsi:schemaLocation="http://www.loc.gov/MARC21/slim http://www.loc.gov/standards/marcxml/schema/MARC21slim.xsd">
<leader>00925njm 22002777a 4500</leader>
<datafield tag="042" ind1=" " ind2=" ">
<subfield code="a">dc</subfield>
</datafield>
<datafield tag="720" ind1=" " ind2=" ">
<subfield code="a">Fuente Anuncibay, Raquel de la</subfield>
<subfield code="e">author</subfield>
</datafield>
<datafield tag="720" ind1=" " ind2=" ">
<subfield code="a">González Barbadillo, Ángela</subfield>
<subfield code="e">author</subfield>
</datafield>
<datafield tag="720" ind1=" " ind2=" ">
<subfield code="a">Ortega Sánchez, Delfín</subfield>
<subfield code="e">author</subfield>
</datafield>
<datafield tag="720" ind1=" " ind2=" ">
<subfield code="a">Pizarro Ruiz, Juan Pablo</subfield>
<subfield code="e">author</subfield>
</datafield>
<datafield tag="260" ind1=" " ind2=" ">
<subfield code="c">2020-08</subfield>
</datafield>
<datafield tag="520" ind1=" " ind2=" ">
<subfield code="a">Numerous research studies link mindfulness training to improved empathy. However, few studies focus on the mediating factors of empathy. This work has three objectives: (a) to analyze the possible mediation of mindfulness as a feature in this relation, (b) to analyze the mindfulness factors that mediate in the increase of empathy and (c) to analyze the moderating role of gender. The sample was composed of 246 Spanish-speaking university students (M = 24.08 years, SD = 8.43). The instruments used were the Five Facet Mindfulness Questionnaire (FFMQ) and the Toronto Empathy Questionnaire (TEQ). For data analysis, the indirect effect was calculated using 10000 bootstrap samples for the bias-corrected bootstrap confidence intervals (BCI). The improvement of empathy is mediated by the changes in mindfulness trait (B = 0.233, p &lt; 0.001), disappearing in the presence of this mediator, the direct effect of mindfulness practice on empathy (B = 0.161, p = 0.394). We did not find a differential functioning of this mediation according to gender. Observing and describing are the FFMQ factors that mediate significantly between mindfulness practice and empathy.</subfield>
</datafield>
<datafield tag="024" ind2=" " ind1="8">
<subfield code="a">https://hdl.handle.net/10259/11770</subfield>
</datafield>
<datafield tag="024" ind2=" " ind1="8">
<subfield code="a">10.3389/fpsyg.2020.01915</subfield>
</datafield>
<datafield tag="024" ind2=" " ind1="8">
<subfield code="a">1664-1078</subfield>
</datafield>
<datafield tag="024" ind2=" " ind1="8">
<subfield code="a">1664-042X</subfield>
</datafield>
<datafield ind1=" " ind2=" " tag="653">
<subfield code="a">Mindfulness</subfield>
</datafield>
<datafield ind1=" " ind2=" " tag="653">
<subfield code="a">Empathy</subfield>
</datafield>
<datafield ind1=" " ind2=" " tag="653">
<subfield code="a">Mediating effect</subfield>
</datafield>
<datafield ind1=" " ind2=" " tag="653">
<subfield code="a">Gender</subfield>
</datafield>
<datafield ind1=" " ind2=" " tag="653">
<subfield code="a">FFMQ</subfield>
</datafield>
<datafield ind1=" " ind2=" " tag="653">
<subfield code="a">TEQ</subfield>
</datafield>
<datafield tag="245" ind1="0" ind2="0">
<subfield code="a">Mindfulness and Empathy: Mediating Factors and Gender Differences in a Spanish Sample</subfield>
</datafield>
</record></metadata></record></GetRecord></OAI-PMH>